Que représentent ces cartes de la France ? - Statistiques

Statistiques générales
  • Ce quiz a été pris 19 fois
  • Le résultat moyen est 4 sur 14
Statistiques - réponses
Par images Hint Réponse % Correct
Carte satellite
72%
En noir Carte des départements
67%
Carte des forêts
50%
En bleu Carte des préfectures
50%
Carte de la densité de population
39%
Carte du réseau ferroviaire
33%
Carte géologique
33%
Carte de la topographie
28%
Carte des cours d'eau
28%
Dates : 1756-1815 Cartes de Cassini
22%
Carte IGN
17%
Dates : 1950-1965 Photographie aérienne
6%
Dates : 1820-1866 Carte de l'état-major
0%
Carte des parcs naturels régionaux
0%
Aucun quiz correspondant
Distribution des résultats
% des personnes avec chaque résultat
Percentile par nombre de réponses
Votre historique - résultats
Vous n’avez pas pris ce quiz